Competencia del ministerio de salud pública y asistencia social en el área de alimento; Intoxicación alimentaria; Los derechos de los consumidores en el sector de alimentos. (Registro nro. 26544)

Detalles MARC
000 -CABECERA
Longitud fija campo de control 01070nam a22001937a 4500
003 - IDENTIFICADOR DELl NÚMERO DE CONTROL
Identificador del número de control OSt
005 - FECHA Y HORA DE LA ÚLTIMA TRANSACCIÓN
Fecha y hora de la última transacción 20180321133951.0
008 - CÓDIGOS DE INFORMACIÓN DE LONGITUD FIJA
Códigos de información de longitud fija 161111b xxu||||| |||| 00| 0 eng d
040 ## - FUENTE DE LA CATALOGACIÓN
Centro transcriptor CRI
082 ## - NÚMERO DE LA CLASIFICACIÓN DECIMAL DEWEY
Númeroo de clasificación 613.2
110 1# - PUNTO DE ACCESO PRINCIPAL-NOMBRE DE ENTIDAD CORPORATIVA
9 (RLIN) 40453
Nombre de entidad corporativa o nombre de jurisdicción como elemento inicial Escuela de Alimentos Universidad Católica de El Salvador Centro Regional de Ilobasco.
245 ## - MENCIÓN DE TÍTULO
Título Competencia del ministerio de salud pública y asistencia social en el área de alimento; Intoxicación alimentaria; Los derechos de los consumidores en el sector de alimentos.
Mención de responsabilidad, etc. Escuela de Alimentos Universidad Católica de El Salvador Centro Regional de Ilobasco; Ministerio de Salud Pública y Asistencia Social;; Defensoría del Consumidor (El Salvador)
260 ## - PUBLICACIÓN, DISTRIBUCIÓN, ETC. (PIE DE IMPRENTA)
Lugar de publicación, distribución, etc. Ilobasco, Cabañas
Nombre del editor, distribuidor, etc. Escuela de Alimentos Universidad Católica de El Salvador Centro Regional de Ilobasco
Fecha de publicación, distribución, etc. [2011]
300 ## - DESCRIPCIÓN FÍSICA
Extensión 50 p.
Otras características físicas il.
Dimensiones 28 cm.
650 #0 - PUNTO DE ACCESO ADICIONAL DE MATERIA - TÉRMINO DE MATERIA
9 (RLIN) 18646
Término de materia o nombre geográfico como elemento inicial Alimentación
710 1# - PUNTO DE ACCESO ADICIONAL - NOMBRE DE ENTIDAD
9 (RLIN) 24018
Nombre de entidad o nombre de jurisdicción como elemento inicial El Salvador
Unidad subordinada Ministerio de Salud Pública y Asistencia Social
710 2# - PUNTO DE ACCESO ADICIONAL - NOMBRE DE ENTIDAD
9 (RLIN) 35736
Nombre de entidad o nombre de jurisdicción como elemento inicial Defensoría del Consumidor (El Salvador)
942 ## - ENTRADA DE ELEMENTOS AGREGADOS (KOHA)
Fuente de clasificaión o esquema Dewey Decimal Classification
Koha [por defecto] tipo de item 1- Monografias
Parte de clasificación prozim
Existencias
Suprimido Perdido Fuente de clasificación o esquema Estropeado Restricciones de uso No para préstamo Código de colección Localización permanente Localización actual Localización en estanter&íacute;as Fecha adquisición Fuente de adquisición Número de inventario Préstamos totales Signatura completa Código de barras Fecha última consulta Fecha del precio de reemplazo Tipo de item de Koha
NULL NULL Dewey Decimal Classification NULL Prestable NULL NULL Biblioteca Centro Regional de Ilobasco Biblioteca Centro Regional de Ilobasco Sala Principal 21/08/2014 CRI LI002826   613.2 ESC com 1039577 11/11/2016 11/11/2016 1- Monografias
NULL NULL Dewey Decimal Classification NULL Prestable NULL NULL Biblioteca Centro Regional de Ilobasco Biblioteca Centro Regional de Ilobasco Sala Principal 21/08/2014 CRI LI002827   613.2 ESC com 1039578 11/11/2016 11/11/2016 1- Monografias
NULL NULL Dewey Decimal Classification NULL Prestable NULL NULL Biblioteca Centro Regional de Ilobasco Biblioteca Centro Regional de Ilobasco Sala Principal 21/08/2014 CRI LI002828   613.2 ESC com 1039579 11/11/2016 11/11/2016 1- Monografias
NULL NULL Dewey Decimal Classification NULL Prestable NULL NULL Biblioteca Centro Regional de Ilobasco Biblioteca Centro Regional de Ilobasco Sala Principal 21/08/2014 CRI LI002878   613.2 ESC com 1039651 16/11/2016 16/11/2016 1- Monografias
NULL NULL Dewey Decimal Classification NULL Prestable NULL NULL Biblioteca Centro Regional de Ilobasco Biblioteca Centro Regional de Ilobasco Sala Principal 21/08/2014 CRI LI002879   613.2 ESC com 1039652 16/11/2016 16/11/2016 1- Monografias